000 00523nam a2200193Ia 4500
005 20250508170130.0
008 008 250505s9999 xx 000 0 eng d
037 _aTextual
040 _aFEDL
_beng
_cFEDL
041 _aeng
_2eng
084 _a954.035, MAT
_qFEDL
100 _aMatthews Roderick
_938538
245 0 _aJinnah vs. Gandhi
260 _aGurgaon, India
_bHachette Book
_c2012
300 _avi, 330p.
365 _aINR
_b424.15
942 _cTEXL
_h954.035, MAT
999 _c1399368
_d1399368